HPLC separations of N-Azole compounds in polar organic and normal phase mode utilizing amylose-based chiral stationary phases [abstract] /

Elmentve itt :
Bibliográfiai részletek
Szerzők: Németi Gábor
Minh Le Tam
Szakonyi Zsolt
Péter Antal
Ilisz István
Testületi szerző: 28th International Symposium on Analytical and Environmental Problems
Dokumentumtípus: Könyv része
Megjelent: 2022
Sorozat:Proceedings of the International Symposium on Analytical and Environmental Problems 28
Kulcsszavak:Gyógyszerkémia - előadáskivonat
Tárgyszavak:
Online Access:http://acta.bibl.u-szeged.hu/78447
LEADER 01203naa a2200289 i 4500
001 acta78447
005 20230316135553.0
008 230316s2022 hu o 1|| eng d
020 |a 978-963-306-904-2 
040 |a SZTE Egyetemi Kiadványok Repozitórium  |b hun 
041 |a eng 
100 1 |a Németi Gábor 
245 1 0 |a HPLC separations of N-Azole compounds in polar organic and normal phase mode utilizing amylose-based chiral stationary phases   |h [elektronikus dokumentum] :  |b [abstract] /  |c  Németi Gábor 
260 |c 2022 
300 |a 35 
490 0 |a Proceedings of the International Symposium on Analytical and Environmental Problems  |v 28 
650 4 |a Természettudományok 
650 4 |a Kémiai tudományok 
650 4 |a Orvos- és egészségtudomány 
650 4 |a Általános orvostudomány 
695 |a Gyógyszerkémia - előadáskivonat 
700 0 2 |a Minh Le Tam  |e aut 
700 0 2 |a Szakonyi Zsolt  |e aut 
700 0 2 |a Péter Antal  |e aut 
700 0 2 |a Ilisz István  |e aut 
711 |a 28th International Symposium on Analytical and Environmental Problems  |c Szeged  |d 2022. november 14-15. 
856 4 0 |u http://acta.bibl.u-szeged.hu/78447/1/proceedings_of_isaep_2022_035.pdf  |z Dokumentum-elérés